000 01175nam a22003497a 4500
003 CHAP
005 20220329133959.0
008 971013s1952 r 00010 d
010 _a13550
011 _a14522
035 _a18596
040 _cCHAP
090 _aTesis
100 0 0 _aCastilla Chacón, Raúl.
_920054
245 _aEstudio sobre las principales plagas y enfermedades de la vid en el estado de Coahuila
260 _aSaltillo, Coah. :
_bEl autor,
_c1952
300 _a54 h.
_b: ilus.
502 _aTesis (Ing. Agr. Esp. en Parasitología) ENA. Departamento de Parasitología
590 _aALEPH
_b10
_c20130110
_lUCH01
_h1233
590 _aBATCH-UPD
_b10
_c20130110
_lUCH01
_h0125
590 _aBATCH-UPD
_b10
_c20130110
_lUCH01
_h1029
590 _aBATCH-UPD
_b10
_c20130410
_lUCH01
_h0632
590 _aBATCH-UPD
_b10
_c20130914
_lUCH01
_h2034
590 _aCONVERSION
_b10
_c20130109
_lUCH01
_h1309
650 1 4 _aVid
_xEnfermedades.
_9119108
650 1 4 _aVid
_xPlagas.
_9119131
901 _aBK
942 _cFOLL
949 _bBC
_cTES
_d-43357
_eTS1
_i18596
_si
949 _bBC
_cTES
_d-43358
_eTS2
_fc.2
_i18596
_si
949 _bBC
_cTES
_d-43359
_eTS2
_fc.3
_i18596
_si
999 _c13550
_d13550